Siblings : (Record no. 763)

MARC details
000 -LEADER
fixed length control field 01162nam a22003137a 4500
005 - DATE AND TIME OF LATEST TRANSACTION
control field 20230707094711.0
020 ## - INTERNATIONAL STANDARD BOOK NUMBER
International Standard Book Number 9781575423364 (pbk.)
020 ## - INTERNATIONAL STANDARD BOOK NUMBER
International Standard Book Number 1575423367 (pbk.)
040 ## - CATALOGING SOURCE
Original cataloging agency DLC
Transcribing agency DLC
Modifying agency QBX
-- IUL
-- GL9
-- EHH
-- ABG
-- ZAG
-- DLC
Language of cataloging eng
050 00 - LIBRARY OF CONGRESS CALL NUMBER
Classification number BF723.S43
Item number C75 2010
082 00 - DEWEY DECIMAL CLASSIFICATION NUMBER
Classification number 306.875
Edition number 23
100 1# - MAIN ENTRY--PERSONAL NAME
Personal name Crist, James J.
245 10 - TITLE STATEMENT
Title Siblings :
Remainder of title you're stuck with each other, so stick together /
Statement of responsibility, etc. by James J. Crist & Elizabeth Verdick ; illustrated by Steve Mark.
260 ## - PUBLICATION, DISTRIBUTION, ETC.
Place of publication, distribution, etc. Minneapolis :
Name of publisher, distributor, etc. Free Spirit,
Date of publication, distribution, etc. 2010.
300 ## - PHYSICAL DESCRIPTION
Extent 118 pages :
Other physical details color illustrations ;
Dimensions 18 cm.
490 1# - SERIES STATEMENT
Series statement Laugh & learn
505 0# - FORMATTED CONTENTS NOTE
Formatted contents note X <br/>
520 ## - SUMMARY, ETC.
Summary, etc. Describes the relationship between siblings and the things they share, including parents, problems, and personal space.
521 1# - TARGET AUDIENCE NOTE
Target audience note 890 <br/>
Source Lexile <br/>
521 8# - TARGET AUDIENCE NOTE
Target audience note X <br/>
Source Raz-Plus <br/>
650 #0 - SUBJECT ADDED ENTRY--TOPICAL TERM
Topical term or geographic name entry element Brothers and sisters
Form subdivision Juvenile literature.
650 #0 - SUBJECT ADDED ENTRY--TOPICAL TERM
Topical term or geographic name entry element Families
Form subdivision Juvenile literature.
700 1# - ADDED ENTRY--PERSONAL NAME
Personal name Verdick, Elizabeth.
700 1# - ADDED ENTRY--PERSONAL NAME
Personal name Mark, Steve,
Relator term illustrator.
906 ## - LOCAL DATA ELEMENT F, LDF (RLIN)
a 7
b cbc
c orignew
d 1
e ecip
f 20
g y-gencatlg
942 ## - ADDED ENTRY ELEMENTS (KOHA)
Source of classification or shelving scheme Dewey Decimal Classification
Koha item type Books
Suppress in OPAC No
999 ## -
-- 763
-- 763
Holdings
Withdrawn status Lost status Source of classification or shelving scheme Damaged status Not for loan Collection Home library Current library Shelving location Date acquired Total Checkouts Full call number Barcode Date last seen Copy number Price effective from Koha item type
    Dewey Decimal Classification     Non-Fiction Footprints International School Library Network Toul Kork Campus Footprints International School Library Network Toul Kork Campus A TK Campus, 4th Floor, Room B401, Fiction Bookcases (1-6) 07/06/2023   CRI 306.875 BF723.S43 FISTK00489 07/06/2023 1 07/06/2023 Books
    Dewey Decimal Classification     Non-Fiction Footprints International School Library Network Toul Kork Campus Footprints International School Library Network Toul Kork Campus TTP Secondary Non-Fiction Bookshelves 07/06/2023   CRI 306.875 BF723.S43 FIS03624 12/03/2024 2 07/06/2023 Books